000 00481nam a2200181Ia 4500
001 1454
003 IN-NITTTR
005 20251114232914.0
008 251113s9999||||xx |||||||||||||| ||eng||
040 _beng
040 _cIN-NITTTR
041 _aeng
082 _a301.55 M615I
100 _aMiller, Delbert C.
245 0 _aIndustrial sociology :
_b the sociology of work organizations /
_cMiller, Delbert C., Form, William H.
700 _a Form, William H.
942 _2ddc
_cBK
999 _c1882
_d1882